00305nam a2200121Ia 4500008004100000041000800041082001400049100002500063245003000088260002500118300002900143365001100172240624s9999 xx 000 0 und d aeng a658.8 BAL aBALAKRISHNA SIDHARTH aCASE STUDIES IN MARKETING c2011aDelhibPearson ax, : 154 : p. : cm. ; 23 cRSb30